<?xml version="1.0" encoding="UTF-8"?>
<record
    xmlns:xsi="http://www.w3.org/2001/XMLSchema-instance"
    xsi:schemaLocation="http://www.loc.gov/MARC21/slim http://www.loc.gov/standards/marcxml/schema/MARC21slim.xsd"
    xmlns="http://www.loc.gov/MARC21/slim">

  <leader>01205nam a22002537a 4500</leader>
  <controlfield tag="005">20110228163345.0</controlfield>
  <controlfield tag="008">110228t        xxu||||| |||| 00| 0mar d</controlfield>
  <datafield tag="010" ind1=" " ind2=" ">
    <subfield code="a">MAR-20647</subfield>
  </datafield>
  <datafield tag="020" ind1=" " ind2=" ">
    <subfield code="c">200.00</subfield>
  </datafield>
  <datafield tag="035" ind1=" " ind2=" ">
    <subfield code="a">MR-13305</subfield>
  </datafield>
  <datafield tag="037" ind1=" " ind2=" ">
    <subfield code="b">DBAD / PUB</subfield>
  </datafield>
  <datafield tag="040" ind1=" " ind2=" ">
    <subfield code="a">DPL</subfield>
    <subfield code="b">MR</subfield>
  </datafield>
  <datafield tag="082" ind1=" " ind2=" ">
    <subfield code="a">891.46109</subfield>
  </datafield>
  <datafield tag="100" ind1=" " ind2=" ">
    <subfield code="9">26299</subfield>
    <subfield code="a">&#x938;&#x941;&#x930;&#x94D;&#x935;&#x947;,&#x915;&#x943;&#x937;&#x94D;&#x923;&#x93E;&#x92C;&#x93E;&#x908; &#x928;&#x93E;&#x930;&#x93E;&#x92F;&#x923; </subfield>
  </datafield>
  <datafield tag="245" ind1=" " ind2=" ">
    <subfield code="a">&#x915;&#x939;&#x93E;&#x923;&#x940; &#x915;&#x935;&#x93F;&#x924;&#x947;&#x91A;&#x940;  /</subfield>
    <subfield code="c">&#x915;&#x943;&#x937;&#x94D;&#x923;&#x93E;&#x92C;&#x93E;&#x908; &#x928;&#x93E;&#x930;&#x93E;&#x92F;&#x923; &#x938;&#x941;&#x930;&#x94D;&#x935;&#x947;</subfield>
  </datafield>
  <datafield tag="246" ind1=" " ind2=" ">
    <subfield code="a">Kahani Kavitechi</subfield>
    <subfield code="b">by Krishnabai Narayan Surve</subfield>
  </datafield>
  <datafield tag="260" ind1=" " ind2=" ">
    <subfield code="a">&#x920;&#x93E;&#x923;&#x947; </subfield>
    <subfield code="b">&#x921;&#x93F;&#x902;&#x92A;&#x932; &#x92A;&#x92C;&#x94D;&#x932;&#x93F;&#x915;&#x947;&#x936;&#x928;</subfield>
    <subfield code="c">2009</subfield>
  </datafield>
  <datafield tag="270" ind1=" " ind2=" ">
    <subfield code="a">104,&#x935;&#x93E;&#x92F;&#x915;&#x93F;&#x915;&#x940; &#x905;&#x92A;&#x93E;&#x930;&#x94D;&#x91F;&#x92E;&#x947;&#x902;&#x91F; &#x906;&#x928;&#x902;&#x926;&#x928;&#x917;&#x930;,&#x928;&#x935;&#x918;&#x930; &#x935;&#x938;&#x908; &#x930;&#x94B;&#x921; &#x938;&#x94D;&#x91F;&#x947;&#x936;&#x928; </subfield>
    <subfield code="b">&#x920;&#x93E;&#x923;&#x947; </subfield>
  </datafield>
  <datafield tag="300" ind1=" " ind2=" ">
    <subfield code="a">&#x92A;&#x93E;&#x91A; ,183&#x92A;&#x943;</subfield>
    <subfield code="b">21 &#x938;&#x947;&#x92E;&#x940; (&#x905;&#x91C;&#x93F;&#x932;&#x94D;&#x926;)</subfield>
  </datafield>
  <datafield tag="650" ind1=" " ind2=" ">
    <subfield code="9">26405</subfield>
  </datafield>
  <datafield tag="700" ind1=" " ind2=" ">
    <subfield code="9">26300</subfield>
  </datafield>
  <datafield tag="942" ind1=" " ind2=" ">
    <subfield code="2">ddc</subfield>
    <subfield code="c">MR</subfield>
    <subfield code="h">891.46109</subfield>
    <subfield code="m">&#x938;&#x941;&#x930;&#x94D;&#x935;&#x947;&#x915;&#x943;</subfield>
  </datafield>
  <datafield tag="999" ind1=" " ind2=" ">
    <subfield code="c">50899</subfield>
    <subfield code="d">50899</subfield>
  </datafield>
  <datafield tag="952" ind1=" " ind2=" ">
    <subfield code="0">0</subfield>
    <subfield code="1">0</subfield>
    <subfield code="2">ddc</subfield>
    <subfield code="4">0</subfield>
    <subfield code="7">1</subfield>
    <subfield code="8">NFIC</subfield>
    <subfield code="a">DBAD</subfield>
    <subfield code="b">DBAD</subfield>
    <subfield code="d">2011-03-03</subfield>
    <subfield code="e">DBAD / PUB</subfield>
    <subfield code="g">200.00</subfield>
    <subfield code="l">0</subfield>
    <subfield code="o">891.46109 &#x938;&#x941;&#x930;&#x94D;&#x935;&#x947;&#x915;&#x943;</subfield>
    <subfield code="p">MR-13305</subfield>
    <subfield code="r">2011-03-03 00:00:00</subfield>
    <subfield code="t">1</subfield>
    <subfield code="v">200.00</subfield>
    <subfield code="w">2011-03-03</subfield>
    <subfield code="y">MR</subfield>
  </datafield>
</record>
